000 00208 a2200097 4500
001 2859
100 _aLivingstone, RW
245 _aPageant of Greece
260 _a
_bOxford clarendon
_c
090 _c2154
_d2154
942 _aNUST-CAE
_cM
_c12825
999 _c237932
_d237932